000 00941nam1a22002771i 4500
001 v19\rc\1615529
005 20240723100822.0
035 _a(NLR Aleph) 004734182
090 _a4462758
_c4462758
100 _a20061002d1898 |||y0rusy50 ca
101 0 _arus
102 _aRU
105 _ay z |||||
200 1 _aАрхангельский календарь-альманах [и путеводитель по г. Архангельску и его окрестностям]...
210 _aМосква
_cО. Витвицкий
_d1898
215 _d24
309 _aБез тит. л.
517 0 _aПутеводитель по г. Архангельску и его окрестностям
702 1 _aВитвицкий
_bО.
_4650
801 0 _aRU
_bNLR
_gpsbo
801 0 _aRU
_bRuMoRGB
_2psbo
801 1 _aRU
_bProSoft-M
_2rusmarc
852 _aNLR
_j18.183.4.3
899 _aRuMoRGB
_jA 287/323
899 _aБАН
942 _cBOOK